|
|
|
|
| LEADER |
00000nab a2200000 a 4500 |
| 001 |
vtls000504408 |
| 003 |
SK-MaSNL |
| 005 |
20260303003121.0 |
| 008 |
120927c1993 xo 0 slo |
| 015 |
|
|
|a SNBRB19rr/mm-uuuuu
|
| 035 |
|
|
|a CL0504546
|
| 040 |
|
|
|a SNKBUCL
|b slo
|c SNKBUCL
|e AACR2
|
| 041 |
0 |
|
|a slo
|
| 044 |
|
|
|a xo
|c SK
|
| 080 |
|
|
|a 7.097(100):621.397.7:654.197
|2 1981
|
| 080 |
|
|
|a 621.397.7
|2 1981
|
| 080 |
|
|
|a 654.197
|2 1981
|
| 100 |
1 |
|
|a Turis, Juraj
|4 aut
|9 267882
|
| 245 |
1 |
0 |
|a Astra v polovici
|b Najúspešnejší satelitný projekt pokračuje
|c Juraj Turis
|
| 300 |
|
|
|b Tab. 3
|
| 650 |
0 |
7 |
|a televízia družicová
|2 snkbucl
|9 949369
|
| 650 |
0 |
7 |
|a Astra (družica televízna)
|2 snkbucl
|9 980573
|
| 650 |
0 |
7 |
|a stanice televízne družicové
|2 snkbucl
|9 980526
|
| 655 |
|
7 |
|a články z novín a časopisov
|2 snkbucl
|9 267496
|
| 773 |
0 |
|
|t Eurotelevízia
|g Roč. 3, č. 39 (1993), s. 50-51
|x 0139-7451
|
| 850 |
|
|
|a Slovenská národná knižnica v Martine
|a MTA001
|
| 852 |
|
|
|a SNK
|b KIS3GCP
|
| 958 |
|
|
|a RK
|
| 992 |
|
|
|a RBX
|
| 999 |
|
|
|c 1571221
|d 1573151
|